| 000 | 00000nam##2200000za#4500 |
| 001 | 9.630755 |
| 003 | CaOODSP |
| 005 | 20210624214007 |
| 007 | cr ||||||||||| |
| 008 | 150407|2002||||xxc|||||o f|0| 0 fre|d |
| 020 | |a0-662-86794-7 |
| 040 | |aCaOODSP|bfre |
| 043 | |an-cn--- |
| 086 | 1 |aEn40-656/2002F-IN |
| 110 | 1 |aCanada.|bEnvironnement Canada. |bDirection de la protection de l'environnement. |
| 245 | 10|aUtilisation d'aiguilles de pins pour l'identification de sources de polychlorodibenzo-p-dioxines et de polychlorodibenzofurannes à l'atmosphère dans la région de Jonquière / |h[ressource électronique]|c[par] André Germain, Chung Chiu et Gary Poole. |
| 260 | |aMontréal - Québec : |bEnvironnement Canada. |c2002. |
| 300 | |a30p.|bcarte en couleur, graphiques, références, tableaux |
| 500 | |aLe n° de catalogue (En40-656/2002) et l'ISBN (0-662-66386-1) de l'édition imprimée bilingue ont été incorrectement copiés dans l'édition électronique. |
| 590 | |a12-21-Supp|b2012-05-18 |
| 691 | 07|aPollution atmosphérique|2gcpds |
| 720 | 1 |aGermain, André |
| 720 | 1 |aChiu, Chung |
| 720 | 1 |aPoole, Gary |
| 775 | 08|tUse of pine needles for the identification of polychlorinated dibenzo-p-dioxins and polychlorinated dibenzofurans sources to air in the Jonquière area / |w(CaOODSP)9.686278 |
| 776 | 0#|tUse of pine needles for the identification of sources of polychlorinated dibenzo-p-dioxins and polychlorinated dibenzofurans sources to air in the Jonquière area |w(CaOODSP)9.663541 |
| 776 | 0#|tUtilisation d'aiguilles de pins pour l'identification de sources de polychlorodibenzo-p-dioxines et de polychlorodibenzofurannes à l'atmosphère dans la région de Jonquière |w(CaOODSP)9.663542 |
| 856 | 40|ahttp://publications.gc.ca|qPDF|s308 Ko|uhttps://publications.gc.ca/collections/Collection/En40-656-2002F.pdf |